00604nam a2200205 a 450000100060000000300090000600800410001502000150005604000280007108200160009910000360011524500510015126000490020230000110025149000300026265000230029265000250031565000260034065000320036615383CO-ViMGA141112s2004 ck r 000 u spa d a9586823873 aCO-ViMGAbspacCO-ViMGA a925.16 V1551 aValles Santo Tomás, Alejandro10aEl geómetra de la razón : bRene Descartes aBogotá, cColciencias, cAlfaOmega, c2002 a102.p. aViajeros del conocimiento14aFILOSOFIA FRANCESA14aGEOMETRIA ANALITICA 14aMATEMATICOS FRANCESES14aRENE DESCARTES, 1596 - 1650